000 00611cam a22001934a 4500
005 20250605164140.0
008 250528s ||||||||||||||||||||||||d
035 _a18925
020 _a194323102
040 _aGR-AtMCL
_bgre
_dGR-AtMCL
_eAACR2
245 1 _aFast Forward 3 / Resource Book
260 _bOxford University Press,
_c1988
300 _a52
520 _aA series of four courses for adult students of English attending intensive courses of 60-80 teaching hours. Introduction, Units 1-10, Answers.
700 1 _aChalker Sylvia
_95212
942 _cBK
999 _c4226
_d4226